Classifica Marcatori Mondiali di Calcio 2014 - Statistics

Statistiche generali
  • Questo quiz è stato fatto 117 volte
  • Il punteggio medio è 7 su 10
Statistiche sulle risposte
Gol Nazione Calciatore % Corretto
4 Argentina Lionel Messi
99%
4 Brasile Neymar
95%
5 Germania Thomas Müller
95%
6 Colombia James Rodríguez
90%
4 Paesi Bassi Robin van Persie
78%
3 Ecuador Enner Valencia
69%
3 Paesi Bassi Arjen Robben
68%
3 Francia Karim Benzema
62%
3 Svizzera Xherdan Shaqiri
59%
3 Germania André Schürrle
27%
Nessun quiz corrispondente trovato
Distribuzione punteggi
Percentuale di utenti per punteggio
Percentile per numero di risposta
I tuoi punteggi nel tempo
Non hai fatto questo quiz